Estadísticas para Presidentes de México Modernos

Haz click aquí para intentar la prueba.

Estadísticas generales

  • Esta prueba ha sido intentada 1.801 veces
    (1.264 desde el último reinicio)
  • La puntuación promedio es 10 de 15

Estadísticas de respuestas

TérminoPresidente% Correcto
2018-Andrés Manuel López Obrador
97%
2012-2018Enrique Peña Nieto
92%
2000-2006Vicente Fox
89%
2006-2012Felipe Calderón
84%
1958-1964Adolfo López Mateos
76%
1988-1994Carlos Salinas de Gortari
76%
1994-2000Ernesto Zedillo
70%
1982-1988Miguel de la Madrid
69%
1964-1970Gustavo Díaz Ordaz
65%
1934-1940Lázaro Cárdenas
65%
1970-1976Luis Echeverría
54%
1976-1982José López Portillo y Pacheco
52%
1946-1952Miguel Alemán Valdés
51%
1952-1958Adolfo Ruiz Cortines
45%
1940-1946Manuel Ávila Camacho
44%

Distribución de puntuación

Porcentaje por número respondido

Porcentaje de gente con cada puntuación

Historial de tus puntuaciones

No has intentado esta prueba desde el último reinicio